| 000 | 00871cam a2200253 a 4500 | ||
|---|---|---|---|
| 999 |
_c29489 _d29489 |
||
| 001 | 16489581 | ||
| 005 | 20190416020106.0 | ||
| 008 | 101005s2010 enka 001 0 eng | ||
| 010 | _a 2010502625 | ||
| 020 | _a9780340984482 (pbk.) | ||
| 020 | _a0340984481 (pbk.) | ||
| 040 |
_aDLC _cDLC _dDLC |
||
| 042 | _apcc | ||
| 050 | 0 | 0 | _aP 53.4 .F88 2010 |
| 100 | 1 | _aFulcher, Glenn. | |
| 245 | 1 | 0 |
_aPractical language testing / _cGlenn Fulcher. |
| 260 |
_aLondon : _bHodder Education, _c2010. |
||
| 300 |
_axvi, 352 p. : _bill. ; _c24 cm. |
||
| 504 | _aIncludes bibliographical references (p. [325]-342) and index. | ||
| 650 | 0 |
_aLanguage and languages _xAbility testing. |
|
| 942 |
_2lcc _cBOOKS _hP 53.4 .F88 2010 _02 |
||